| 000 | 00446nam a2200157 i 4500 | ||
|---|---|---|---|
| 001 | 35468 | ||
| 003 | ES-MaACL | ||
| 007 | t| | ||
| 008 | 030213s1954 sp ||||1| spa d | ||
| 100 | 1 |
_aBonacossa, Luciano. _930057 |
|
| 245 | 1 | 0 |
_aMotores Diesel rápidos / _cLuciano Bonacossa. |
| 250 | _a1ª ed. española. | ||
| 260 |
_aBarcelona : _bSintes, _c1954 ( _fSalvadó) |
||
| 300 |
_a225 p. : _bil. ; _c23 cm. |
||
| 852 |
_aES-MaACL _jC-8509 _bR.36212 |
||
| 999 |
_c35468 _d35468 |
||